000
00229nam a2200085Ia 4500
245
0
_a
Earth and the solar system
100
_a
BALLARD, Carol Oxford, 2009
_9
85320
942
_c
BK
008
210817s9999 xx 000 0 und d
999
_c
318318
_d
318317